[Event "St Chely d'Aubrac op 4th"]
[Site "St Chely d'Aubrac"]
[Date "2004.07.19"]
[Round "4"]
[White "Desboeufs, Alexandre"]
[Black "Landwerlin, Pascal"]
[Result "1-0"]
[WhiteElo "2010"]
[BlackElo "1499"]
[PlyCount "53"]
[EventDate "2004.07.17"]
[EventType "swiss"]
[EventRounds "9"]
[EventCountry "FRA"]
[SourceTitle "CBM 101 Extra"]
[Source "ChessBase"]
[SourceDate "2004.09.01"]
[SourceVersion "2"]
[SourceVersionDate "2004.09.01"]
[SourceQuality "1"]

1. e4 c6 2. d4 d5 3. Nc3 dxe4 4. Nxe4 Nd7 5. Nf3 Ngf6 6. Nxf6+ Nxf6 7. Bc4 e6 8. Bg5 Be7 9. c3 Qc7 10. 0-0 b5 11. Bd3 Bb7 12. Qc2 h6 13. Bh4 Bd6 14. a4 a6 15. Rfe1 g5 16. Bg3 Bxg3 17. fxg3 0-0-0 18. Ne5 Nd5 19. Be4 f6 20. Nd3 h5 21. Nc5 Qd6 22. Nxe6 Rde8 23. Nc5 Ne7 24. axb5 Rhf8 25. Nxb7 Kxb7 26. bxc6+ Ka7 27. Qa4 1-0